00485nam a2200157Ia 4500008004100000020001800041050001400059100002200073245003300095245009400128260001800222260003800240260000900278300001400287300002600301180207s9999 xx 000 0 und d a9789715162234 bC961 2006 aCuanzon, Perla H. aDucky duck and her friends / cPerla H. Cuanzon ; illustrated by Jomar S. Montinola ; colors by Llyoyd Guiller D. Ybera. aPhilippines : bMerryland Publishing Corporation. c2006 aunpaged : bcolor illustrations ;